[Event "IECC CL1-2022.01 email"]
[Site "IECC email"]
[Date "2022.05.25"]
[Round "?"]
[White "Oliveira, Marcio"]
[Black "Joenhede, Marko"]
[Result "1/2-1/2"]
[WhiteElo "2588"]
[BlackElo "2208"]
[PlyCount "107"]
[EventDate "2022.??.??"]
[EventType "tourn (corr)"]
[EventRounds "4"]
[SourceTitle "Corr 2024"]
[Source "ChessBase"]
[SourceDate "2023.10.19"]
[SourceVersion "1"]
[SourceVersionDate "2023.10.19"]
[SourceQuality "1"]
[WhiteTeam "Brasilien"]
[BlackTeam "Finnland"]
[WhiteTeamCountry "BRA"]
[BlackTeamCountry "FIN"]

1. d4 Nf6 2. c4 g6 3. Nc3 Bg7 4. e4 d6 5. Nf3 0-0 6. Be2 e5 7. 0-0 Nc6 8. d5 Ne7 9. Ne1 Nd7 10. f3 f5 11. Be3 f4 12. Bf2 g5 13. b4 Rf6 14. c5 Rh6 15. Nb5 Nf6 16. cxd6 cxd6 17. Rc1 Qe8 18. g4 fxg3 19. Bxg3 Qd8 20. Nc7 Rb8 21. Ng2 Ne8 22. Qc2 Bh3 23. Ne6 Bxe6 24. dxe6 Kh8 25. Ne3 Rxe6 26. b5 Rf6 27. Qd2 Rf8 28. a4 Ng6 29. Kh1 Bf6 30. Nd5 b6 31. Rc6 Bg7 32. Rg1 Rb7 33. Bf1 Nf6 34. Ne3 g4 35. Nxg4 Nxg4 36. fxg4 Nf4 37. Bc4 Qg5 38. Rxd6 Rc7 39. Rc6 Rcc8 40. Bd5 Rcd8 41. Qe3 Qe7 42. Bxf4 exf4 43. Qf3 Qg5 44. Kg2 Be5 45. Kf1 Bd4 46. Rg2 Rfe8 47. Rgc2 Be5 48. Bf7 Rf8 49. Bd5 Qh4 50. Re6 Rfe8 51. Rec6 Re7 52. Rd2 Rg7 53. h3 Rg6 54. Rd3 1/2-1/2

[Event "IECC CL1-2006.07 email"]
[Site "IECC email"]
[Date "2006.09.22"]
[Round "?"]
[White "Adams, Mark"]
[Black "Joenhede, Marko"]
[Result "0-1"]
[WhiteElo "2205"]
[BlackElo "2119"]
[PlyCount "72"]
[EventDate "2006.??.??"]
[EventType "tourn (corr)"]
[EventRounds "4"]
[SourceTitle "Corr 2008"]
[Source "ChessBase"]
[SourceDate "2008.06.24"]
[SourceVersion "1"]
[SourceVersionDate "2008.06.24"]
[SourceQuality "1"]

1. e4 d6 2. d4 Nf6 3. Nc3 g6 4. Nf3 Bg7 5. h3 0-0 6. Be3 b6 7. e5 Nfd7 8. e6 fxe6 9. h4 Nf6 10. h5 Nxh5 11. Bd3 Nf6 12. Ng5 h6 13. Bxg6 hxg5 14. Bxg5 Nc6 15. Qd3 Rf7 16. 0-0-0 Bd7 17. Ne4 d5 18. Nxf6+ Rxf6 19. Bxf6 exf6 20. Qg3 f5 21. c3 Rc8 22. Bh7+ Kf8 23. Kb1 Qf6 24. Rh3 Ne7 25. Qf4 e5 26. dxe5 Qxe5 27. Qc1 Qf6 28. Rdd3 c5 29. Rdf3 d4 30. g4 Bc6 31. Rfg3 dxc3 32. bxc3 Be4+ 33. Kb2 b5 34. Bxf5 Nxf5 35. gxf5 b4 36. Rxg7 Kxg7 0-1

[Event "IECC CL1-2006.07 email"]
[Site "IECC email"]
[Date "2006.09.22"]
[Round "?"]
[White "Joenhede, Marko"]
[Black "Vroom, Gerard"]
[Result "1/2-1/2"]
[WhiteElo "2113"]
[BlackElo "2143"]
[PlyCount "59"]
[EventDate "2006.??.??"]
[EventType "tourn (corr)"]
[EventRounds "4"]
[SourceTitle "Corr 2015"]
[Source "ChessBase"]
[SourceDate "2015.07.17"]
[SourceVersion "1"]
[SourceVersionDate "2015.07.17"]
[SourceQuality "1"]
[WhiteTeam "Finland"]
[BlackTeam "Netherlands"]
[WhiteTeamCountry "FIN"]
[BlackTeamCountry "NED"]

1. d4 Nf6 2. c4 e6 3. Nf3 b6 4. g3 Ba6 5. b3 Bb7 6. Bg2 Bb4+ 7. Bd2 a5 8. 0-0 0-0 9. Qc2 Re8 10. Nc3 Bxc3 11. Bxc3 Be4 12. Qb2 a4 13. Bd2 d6 14. Rfd1 Nbd7 15. Rac1 e5 16. dxe5 Nxe5 17. Nxe5 Bxg2 18. Nxf7 Kxf7 19. Kxg2 Rxe2 20. Re1 Rxe1 21. Rxe1 Qd7 22. Bc3 Re8 23. Rxe8 Qc6+ 24. Kg1 Qxe8 25. Bxf6 gxf6 26. Qc2 Kg7 27. bxa4 Qe6 28. h4 Qe5 29. Kh2 h6 30. Qd3 1/2-1/2